000 00289nam a22001337a 4500
008 170302b xxu||||| |||| 00| 0 eng d
020 _a9780803603431
041 _aeng
080 _a616.073
100 _a6
101 _aSHM
245 _aCRITICAL THINKING
_cDURAND, K.S
942 _2udc
_cBK
999 _c6607
_d6607